Rozvojová pomoc v kontexte Európskej únie bakalárska práca

Salvato in:
Dettagli Bibliografici
Autore principale: Kotasová, Katarína
Ente Autore: Obchodná fakulta EU. Katedra medzinárodného obchodu
Altri autori: Lindtnerová, Klaudia
Natura: Libro
Lingua:slovacco
Pubblicazione: Bratislava 2014
Tags: Aggiungi Tag
Nessun Tag, puoi essere il primo ad aggiungerne!!

MARC

LEADER 00000nbm a2200000 4500
001 0188273
005 20170201101146.3
041 0 |a slo 
044 |a SK 
245 1 0 |a Rozvojová pomoc v kontexte Európskej únie  |b bakalárska práca  |c Katarína Kotasová ; školiteľ: Klaudia Lindtnerová 
264 1 |a Bratislava  |c 2014 
300 |a 43 s. 
100 1 |a Kotasová, Katarína 
700 1 |a Lindtnerová, Klaudia 
710 2 |a Obchodná fakulta EU. Katedra medzinárodného obchodu